000
00224nam a22001097a 4500
040
_c
301
082
_a
301 JAN 1980 C083
100
_a
JANE L. THOMPSON
245
_a
Examining sociology
260
_a
Phnom Phen
942
_c
EK
999
_c
11040
_d
11040